Les Sept Vertus Royales de M. Rakovský et Les Sources du Poeme

Podrobná bibliografia
Hlavný autor: Okál, Miloslav, 1913-1997 (Autor)
Médium: Kniha
Jazyk:neznámy jazyk
Fyzický popis:SC 39108
Vydavateľské údaje: Bratislava Univerzita Komenského 1970

MARC

LEADER 00000nam a2200000 a 4500
001 vtls001321206
003 SK-MaSNL
005 20260301235504.0
008 240318s1970 xx 0 und
035 |a SNK000273859 
040 |a SNK  |b slo  |c SNK  |e AACR2 
100 1 |a Okál, Miloslav,  |d 1913-1997  |4 aut  |9 37112 
245 1 0 |a Les Sept Vertus Royales de M. Rakovský et Les Sources du Poeme 
260 |a Bratislava  |b Univerzita Komenského  |c 1970 
300 |a SC 39108 
958 |a OND 
999 |c 975271  |d 977201 
952 |t P60, <03>, [BOOK], {603}  |a SNK  |b SNK  |y PREZ  |7 0  |p 17A0124885  |o snkSC 39108  |0 0  |1 0  |4 0  |d 1998-02-17  |l 0  |r 2025-10-10 00:00:00  |w 2026-02-24